| 000 | 01739nam a2200361 a 4500 | ||
|---|---|---|---|
| 001 | ebr10209885 | ||
| 003 | CaPaEBR | ||
| 006 | m u | ||
| 007 | cr cn||||||||| | ||
| 008 | 070402s2008 maua s 000 0aeng | ||
| 010 | _z 2007013764 | ||
| 015 |
_aGBA806117 _2bnb |
||
| 016 | 7 |
_z014493046 _2Uk |
|
| 020 | _z9780262026291 (hardcover : alk. paper) | ||
| 020 | _z0262026295 (hardcover : alk. paper) | ||
| 040 |
_aCaPaEBR _cCaPaEBR |
||
| 035 | _a(OCoLC)191868013 | ||
| 043 | _an-us--- | ||
| 050 | 1 | 4 |
_aTA140.B385 _bA3 2008eb |
| 082 | 0 | 4 |
_a620.2092 _aB _222 |
| 100 | 1 |
_aBeranek, Leo Leroy, _d1914- |
|
| 245 | 1 | 0 |
_aRiding the waves _h[electronic resource] : _ba life in sound, science, and industry / _cLeo Beranek. |
| 260 |
_aCambridge, Mass. : _bMIT Press, _cc2008. |
||
| 300 |
_ax, 235 p. : _bill. |
||
| 505 | 0 | _aIowa and beyond: from bumble bees to ivy -- Harvard : shaping the future -- Wartime : communications and kamikazes -- MIT, teaching, writing, AT&T, and traveling -- Bolt Beranek & Newman, the United Nations, big noise, and the Internet -- Muffling the jet age -- Music, acoustics, and architecture -- America's best TV station -- Family, nonprofits, and variety -- Art + physics = beautiful music. | |
| 533 |
_aElectronic reproduction. _bPalo Alto, Calif. : _cebrary, _d2013. _nAvailable via World Wide Web. _nAccess may be limited to ebrary affiliated libraries. |
||
| 600 | 1 | 0 |
_aBeranek, Leo Leroy, _d1914- |
| 650 | 0 |
_aAcoustical engineering _zUnited States _vBiography. |
|
| 650 | 0 | _aMusic-halls. | |
| 655 | 7 |
_aElectronic books. _2local |
|
| 710 | 2 | _aebrary, Inc. | |
| 856 | 4 | 0 |
_uhttp://site.ebrary.com/lib/rucke/Doc?id=10209885 _zAn electronic book accessible through the World Wide Web; click to view |
| 999 |
_c226913 _d226913 |
||